000 00351 a2200157 4500
001 61060
020 _a9788520424674
040 _cAnchieta - Pituba
100 _aLeme, Odilon Soares
240 1 0 _aColocação pronominal
_lpor
245 1 0 _aColocação pronominal
300 _a130
362 0 _a2008
650 4 _aLíngua Portuguesa
942 _cBK
999 _c61060
_d61060